Estatísticas para Países-Sede da Copa do Mundo da FIFA

Clique aqui para jogar o quiz

Estatísticas Gerais

  • Esse quiz foi jogado 9 528 vezes
    (8 134 desde o último reset)
  • A pontuação média é 18 de 20

Estatísticas das Respostas

AnosPaís-Sede% Correto
1950, 2014Brasil
100%
2018Rússia
99%
1994, 2026Estados Unidos
98%
1938, 1998França
97%
2006Alemanha
97%
1974Alemanha Ocidental
97%
2002Japão
97%
2010África do Sul
96%
1970, 1986, 2026México
96%
2022Catar
95%
1978Argentina
94%
1934, 1990Itália
94%
1930Uruguai
93%
2026Canadá
93%
2002Coreia do Sul
92%
1982Espanha
90%
1966Inglaterra
86%
1958Suécia
78%
1962Chile
73%
1954Suíça
65%

Distribuição das Pontuações

Percentil de Números Respondidos

Porcentagem de Pessoas com Cada Pontuação

Sua Pontuação Histórica

Você não jogou esse quiz desde o último reset